| 000 | 01170nam a2200313 c 4500 | ||
|---|---|---|---|
| 999 |
_c105424 _d105424 |
||
| 003 | BLK | ||
| 005 | 20220224131825.0 | ||
| 008 | 180409b bul|||||r ||||||| ||bul|| | ||
| 010 | _aKNG00110647000 | ||
| 020 | _a954-8046-64-4 | ||
| 040 | _aBLK | ||
| 041 |
_aBUL _cBUL |
||
| 080 |
_aБългарска литература _b821.163.2 _x-1 _z821.163.2-1 |
||
| 100 | 1 |
_aДионисиева, Иглика _eпърви автор _9264528 |
|
| 139 |
_aДионисиева, Иглика _bД 62 |
||
| 245 | 1 | 0 |
_aВреме на изплащане _bСтихове _cИглика Дионисиева; худож. Петър Рашков. |
| 257 | _aBGR | ||
| 260 |
_bПламък _c2003 _fСофия : Ангобой |
||
| 300 |
_a64 с. _bс ил. _c20 см |
||
| 380 | _aX | ||
| 500 | _aИзд. е спечелило конкурс на Нац. център за кн. | ||
| 659 | _aК | ||
| 700 | 1 |
_aРашков, Петър _eхудож. _9367057 |
|
| 852 | _aЦб 217743 | ||
| 852 | _aК 821.163.2/Д 62 И | ||
| 856 | 4 | _qpdf | |
| 856 | 4 | _qpdf | |
| 942 |
_cKNG _n0 _s1 |
||
| 944 |
_aCR _c30.01.2004 _kГеновева_Генчева |
||
| 944 |
_aED _c09.02.2018 _kВиолета_Тройчева |
||
| 999 | _d105424 | ||